| 000 | 00619nam a2200181Ia 4500 | ||
|---|---|---|---|
| 008 | 190422s9999 xx 000 0 und d | ||
| 100 | _aDe Meyere, Michiel | ||
| 245 | 4 | _aThe impact of financial reporting quality on debt maturity: The case of private firms / | |
| 245 | _cMichiel De Meyere, Heidi vander bauwhede and Phillipe Van Cauwenberge.-- | ||
| 260 | _bTaylor and Francis Group | ||
| 260 | _c2018 | ||
| 300 | _apages 759-781, 2018 | ||
| 440 |
_aAccounting and Business Research _v48(7) |
||
| 650 | _aDebt | ||
| 650 | _aDebt Maturity | ||
| 650 | _aFinancial Reporting Quality | ||
| 650 | _aPrivately Held | ||
| 999 |
_c361471 _d361471 |
||